Detalles MARC
| 000 -CABECERA |
| Longitud fija campo de control |
01451nam a2200289Ia 4500 |
| 005 - • FECHA Y HORA DE LA ÚLTIMA TRANSACCIÓN |
| Fecha y hora de la última transacción |
20220317001131.0 |
| 008 - • CÓDIGOS DE INFORMACIÓN DE LONGITUD FIJA |
| Códigos de información de longitud fija |
160825s2007 ck a g 000 0 spa |
| 020 ## - • NÚMERO INTERNACIONAL NORMALIZADO PARA LIBROS |
| Número Internacional Normalizado para Libros (ISBN) |
97895830093012 |
| 040 ## - FUENTE DE LA CATALOGACIÓN |
| Centro catalogador de origen |
CO-BoRNBP |
| Lengua de catalogación |
spa |
| Normas de descripción |
rda |
| Centro transcriptor |
CO-BoRNBP |
| 084 ## - • Clasificación Local Alfanúmerica PNLB |
| Número de clasificación |
C MAC7 |
| 100 1# - • PUNTO DE ACCESO PRINCIPAL-NOMBRE DE PERSONA |
| Nombre de persona |
Macías Zuluaga, Luis Fernando |
| Fechas asociadas al nombre |
1957- |
| 245 13 - • TITULO PROPIAMENTE DICHO |
| Título |
La rana sin dientes |
| Mención de responsabilidad, etc. |
Luis Fernando Macías ; ilustrado por Jairo Linares Landínez |
| 250 ## - • MENCIÓN DE EDICIÓN |
| Mención de edición |
1a. edición |
| Resto de la mención de edición |
3a. reimpresión |
| 264 ## - PRODUCCIÓN, PUBLICACIÓN , DISTRIBUCIÓN, FABRICACIÓN Y COPYRIGHT |
| Lugar de producción, publicación, distribución, fabricación |
Bogotá |
| Nombre del productor, editor, distribuidor, fabricante |
Panamericana |
| Fecha de de producción, publicación, distribución, fabricación o copyright |
2007 |
| 300 ## - • DESCRIPCIÓN FÍSICA |
| Extensión |
124 páginas |
| Otras características físicas |
ilustraciones en color |
| Dimensiones |
21 cm |
| 336 ## - TIPO DE CONTENIDO |
| Término de tipo de contenido |
texto |
| Código de tipo de contenido |
txt |
| Fuente |
rdacontent |
| 337 ## - TIPO DE MEDIO |
| Nombre del tipo de medio |
sin mediación |
| Código del tipo de medio |
n |
| Fuente |
rdamedia |
| 338 ## - TIPO DE SOPORTE |
| Nombre del tipo de soporte |
volumen |
| Código del tipo de soporte |
nc |
| Fuente |
rdacarrier |
| 490 ## - • MENCIÓN DE SERIE |
| Mención de serie |
Corcel |
| 505 ## - • NOTA DE CONTENIDO CON FORMATO |
| Nota de contenido con formato |
Yo tengo una rana -- Los matadores de hormigas -- El encuentro con la suave Ana, el grillo triste, el jardinero y la princesa, y el sueño de David -- Historias para ser feliz -- Una laboriosa reconstrucción -- Una fiesta de bodas |
| 650 14 - • PUNTO DE ACCESO ADICIONAL DE MATERIA - TÉRMINO DE MATERIA |
| Fuente del encabezamiento o término |
LEMB |
| Término de materia o nombre geográfico como elemento inicial |
Cuentos infantiles colombianos |
| Subdivisión cronológica |
Siglo XX |
| 650 14 - • PUNTO DE ACCESO ADICIONAL DE MATERIA - TÉRMINO DE MATERIA |
| Fuente del encabezamiento o término |
LEMB |
| Término de materia o nombre geográfico como elemento inicial |
Literatura infantil colombiana |
| Subdivisión cronológica |
Siglo XX |
| 650 14 - • PUNTO DE ACCESO ADICIONAL DE MATERIA - TÉRMINO DE MATERIA |
| Fuente del encabezamiento o término |
LEMB |
| Término de materia o nombre geográfico como elemento inicial |
Anfibios en la literatura |
| 700 1# - • PUNTO DE ACCESO ADICIONAL - NOMBRE DE PERSONA |
| Nombre de persona |
Linares Landínez, Jairo |
| 740 02 - • PUNTO DE ACCESO ADICIONAL - TÍTULO RELACIONADO O ANALÍTICO NO CONTROLADO |
| Título relacionado o analítico no controlado |
Yo tengo una rana |
| -- |
Los matadores de hormigas |
| -- |
El encuentro con suave Ana, el grillo triste, el jardinero y la princesa, y el sueño de David |
| -- |
Historias para ser feliz |
| -- |
Una laboriosa reconstrucción |
| -- |
Una fiesta de bodas |
| -- |
La margarita enamo |
| 942 ## - ENTRADA DE ELEMENTOS AGREGADOS (KOHA) |
| Fuente de clasificaión o esquema |
|
| Koha [por defecto] tipo de item |
Libro Infantil |